Géopolitique - Niveau lycéen (2/5) - Statistiques

Statistiques générales
  • Ce quiz a été pris 2 394 fois
  • Le résultat moyen est 9 sur 20
Statistiques - réponses
Hint Réponse % Correct
Pays qui a la plus grande ZEE du monde (11 millions de km²) Etats-Unis
81%
Qu'est-ce qu'une ZEE ? Zone économique exclusive
74%
Nom donné aux bidonvilles en Amérique latine Favela
68%
Date de la création de l'Etat d'Israël 1948
66%
Pays le plus peuplé d'Afrique Nigeria
65%
Récent président brésilien climatosceptique, notamment supporter de la déforestation de l'Amazonie Jair Bolsonaro
59%
Institution multilatérale qui a approuvé sa création ONU
59%
Pays asiatique en guerre contre les Etats-Unis durant deux décennies de la Guerre froide étant aujourd'hui encore dirigé par un parti communiste Vietnam
59%
Ville la plus peuplée du monde Tokyo
54%
Dans quel pays les Etats-Unis sont-ils d'abord allés faire la guerre après les attentats du 11 septembre ? Afghanistan
53%
Etat indépendant de facto que la Chine ne reconnaît pas et risque d'envahir dans les années à venir Taïwan
51%
Traité créant l'Union européenne Traité de Maastricht
49%
Date de signature de ce traité 1992
37%
Vaste région africaine au sud du Sahara en proie à la désertification Sahel
32%
Petite île italienne de la Méditerranée connue pour accueillir des dizaines de milliers de migrants chaque année Lampedusa
29%
Pays ayant intégré l'OTAN à la suite de l'invasion de l'Ukraine par la Russie en 2022 Suède, Finlande
28%
Détroit le plus important du monde en termes de trafic commercial Détroit de Malacca
23%
Nom de la mégalopole états-unienne Boswash
10%
Dirigeant de l'Arabie Saoudite Mohammed ben Salmane
9%
Journaliste qu'il a fait assassiner en 2018 Jamal Khashoggi
1%
Aucun quiz correspondant
Distribution des résultats
% des personnes avec chaque résultat
Percentile par nombre de réponses
Votre historique - résultats
Vous n’avez pas pris ce quiz